000 00451nam a22001697a 4500
003 CEME
005 20210628205104.0
008 210224b xxu||||| |||| 00| 0 eng d
020 _a0-7923-9689-8
040 _c.
082 _a621.391 HAR'B
100 _aLevia, Oz Rauillard, Jacques Berge, Jean Michel
_973814
245 _aHardware software co-design and co-verification
260 _aBOSTON
_bKLUWER
_c1997
300 _a165P
942 _cBK
_2ddc
999 _c579457
_d579457